000 01033cam a2200229 4500
001 ABS64450
008 010904n2001 000 0 eng u
035 _a(Sirsi) u114422
100 _aDouglas-Home, J
245 _aFoot-and-mouth the state we're in
260 _c2001
490 _aCountry Life
_v195(5) 16 August 2001, 42-45(4)
520 _aExamines the foot and mouth crisis, looking at tactics which have worked and those which have not and studies the lessons learned. Looks at possible action by the government in controlling current and future outbreaks, improving communication with the rural community and encouraging a more positive attitude and positive reporting on the FMD controls and costs. Looks at the effect on rural communities and businesses as well as farmers.
590 _aABS
650 _aFOOT-AND-MOUTH DISEASE
650 _aLIVESTOCK FARMING
650 _aCULLING POLICY
650 _aGOVERNMENT POLICY
650 _aRURAL ISSUES
690 _aRURAL-AGRICULTURE AND FORESTRY
942 _n0
999 _c68147
_d68147